00686nam a2200181Ia 4500952009600000999001700096008004100113020001500154050002200169100002700191245010200218260003400320300003700354519004400391650003100435650003100466942000700497 00104070a11b11d2007-01-08l0oF1219 3A7 W436p11 004160r2012-06-26t1w2012-06-26yLB c70697d70697120626s9999 xx 000 0 und d a9684112297 aF1219 b3A7 W436 aWestheim, Paul eautor aObras maestras del México antiguo c/ Paul, Westheim; traducción de Mariana, Frenk-Westheim aMéxico b: Biblioteca era  a279 páginas b: ilustraciones  aMaterial Complementario / d(11 004160) 0aARTE INDÍGENAzMÉXICO  0aMÉXICO vANTIGÜEDADES  cLB